Statistics for Asian Cities With Metro Systems

Click here to take the quiz!

General Stats

  • This quiz has been taken 38 times
  • The average score is 55 of 97

Answer Stats

OpenedStationsCity% Correct
1971326Beijing
100%
201412Mumbai
100%
199997Bangkok
97%
2002229Delhi
97%
1933100Osaka
97%
1993345Shanghai
97%
1997119Taipei
97%
1960249Tokyo
97%
200947Dubai
94%
197993Hong Kong
94%
201913Jakarta
94%
1974424Seoul
94%
1985135Busan
91%
198424Kolkata
91%
198444Manila
91%
1987122Singapore
91%
1997266Guangzhou
88%
2004217Wuhan
88%
201532Chennai
84%
198989Istanbul
84%
197317Pyongyang
84%
197146Sapporo
84%
2011100Xi'an
84%
199756Ankara
81%
201140Bengaluru
81%
1996104Kuala Lumpur
81%
1999114Tehran
81%
1984145Tianjin
81%
2004215Shenzhen
78%
20119Almaty
72%
2010216Chengdu
72%
200017Izmir
72%
195787Nagoya
72%
201752Xiamen
72%
201936Doha
69%
198131Kyoto
69%
2005159Nanjing
69%
197729Tashkent
69%
199421Hiroshima
66%
201911Macau
66%
198110Yerevan
66%
196725Baku
63%
201747Hyderabad
63%
20196Ahmedabad
59%
2005180Chongqing
59%
200846Yokohama
59%
201290Hangzhou
56%
201325Harbin
56%
196623Tbilisi
56%
200369Dalian
53%
197725Kobe
53%
201260Kunming
53%
198135Fukuoka
50%
201821Ürümqi
50%
199955Incheon
47%
20159Jaipur
47%
20109Mecca
47%
199758Daegu
44%
201520Isfahan
44%
200837Kaohsiung
44%
201580Qingdao
44%
201468Changsha
41%
198613Novosibirsk
41%
198729Sendai
41%
201070Shenyang
41%
200238Bursa
38%
201721Lucknow
38%
201135Mashhad
38%
201911Nagpur
38%
201665Nanning
38%
201642Fuzhou
34%
201677Hefei
34%
201721Kochi
34%
201732Shijiazhuang
34%
201159Changchun
31%
201923Jinan
31%
201920Lanzhou
31%
201918Wenzhou
31%
201615Dongguan
28%
201469Ningbo
28%
201419Shiraz
28%
2012131Suzhou
28%
201510Tabriz
28%
201448Wuxi
28%
201397Zhengzhou
28%
200913Adana
25%
201929Changzhou
25%
200622Daejeon
22%
200420Gwangju
22%
201022Foshan
19%
201552Nanchang
19%
201725Guiyang
16%
201920Hohhot
16%
201722Taoyuan
16%
201918Xuzhou
16%
201311Gurgaon
13%
201921Noida
6%

Score Distribution

Percentile by Number Answered

Percent of People with Each Score

Your Score History

You have not taken this quiz